[Event "Tunja Boyacense op"]
[Site "Tunja"]
[Date "2018.12.13"]
[Round "1"]
[White "Corredor Reyes, Jose Bernardino"]
[Black "Guerrero Borda, Diego Hernando"]
[Result "1-0"]
[WhiteElo "1752"]
[BlackElo "1492"]
[PlyCount "51"]
[EventDate "2018.12.13"]
[EventType "swiss"]
[EventRounds "7"]
[EventCountry "COL"]
[SourceTitle "CBM 187 Extra"]
[Source "ChessBase"]
[SourceDate "2018.11.04"]
[SourceVersion "1"]
[SourceVersionDate "2018.11.04"]
[SourceQuality "1"]

1. d4 d5 2. Bf4 Nf6 3. e3 a6 4. Nd2 Nc6 5. Ngf3 Bf5 6. c3 e6 7. h3 h6 8. Be2 Bd6 9. 0-0 0-0 10. Re1 Re8 11. Bxd6 Qxd6 12. c4 b6 13. a3 a5 14. Rc1 e5 15. cxd5 Qxd5 16. Bc4 Qd6 17. Bb5 Bd7 18. Qa4 e4 19. Bxc6 exf3 20. Bxd7 Nxd7 21. Nxf3 Rab8 22. Rc6 Qd5 23. Rec1 Nf6 24. Qc4 Qxc4 25. R1xc4 Kf8 26. Rxc7 1-0